=LDR 00000nam 2200000 4500 =001 INLIS000000000033461 =005 20130612135419 =008 ***********************************ind** =035 ##$$a0010-061300000033461 =041 ##$$a ind =082 ##$$a 913 =090 ##$$a 913, Ser,s =245 ##$$a Seri Kota bersejarah di dunia, Editor,Chrisane Bekner,Eddy Soetrimo =260 ##$$a [20...?] $b [s.l] =300 ##$$a vi,166 hlm., Illus., 23 cm =650 ##$$a Geografi Historis =700 ##$$a Beckner,Chrisanne =850 ##$$a NBPNMAT =990 ##$$a 21400613/BPAP-NTB/20142014 =990 ##$$a 21400613/BPAP-NTB/20142014